Biggest Urban Areas in Spain - Statistics

General Stats
  • This quiz has been taken 83 times
  • The average score is 35 of 54
Answer Stats
Population Metro Area % Correct
5,227,851 Barcelona
100%
909,557 Bilbao
100%
6,302,995 Madrid
100%
1,581,057 Valencia
100%
1,316,591 Seville
98%
1,001,680 Málaga
97%
761,850 Zaragoza
97%
419,926 A Coruña
95%
326,039 Córdoba
95%
714,540 Alicante-Elche
94%
639,098 Cádiz-Jerez
94%
672,773 Murcia
94%
534,537 Granada
92%
570,908 Palma de Mallorca
90%
413,128 San Sebastián
90%
406,970 Valladolid
90%
589,626 Vigo-Pontevedra
89%
540,742 Las Palmas de Gran Canaria
86%
364,428 Pamplona
86%
164,395 Girona
83%
125,269 Toledo
83%
449,472 Santa Cruz de Tenerife-La Laguna
81%
184,641 Salamanca
79%
191,827 León
78%
323,078 Santander-Torrelavega
76%
393,556 Tarragona-Reus
76%
158,790 Badajoz
70%
253,996 Vitoria
70%
233,801 Almería
68%
183,855 Santiago de Compostela
68%
174,336 Albacete
63%
174,722 Huelva
62%
137,902 Jaén
62%
242,056 Algeciras
59%
171,513 Lleida
59%
236,646 Cartagena
56%
178,597 Burgos
54%
310,179 Castellón de la Plana
52%
118,218 Ibiza
52%
106,828 Cáceres
48%
164,346 Guadalajara
48%
178,831 Logroño
48%
799,787 Asturias
43%
204,661 Tenerife Sur
25%
125,224 Gandía
22%
101,856 Denia-Jávea
17%
127,722 Ferrol
17%
131,621 Orense
14%
105,684 Manresa
13%
101,856 Orihuela
11%
225,609 Costa del Sol
8%
212,094 Gran Canaria Sur
6%
230,835 Costa Blanca
3%
109,406 La Orotava
3%
No matching quizzes found
Score Distribution
Percent of People with Each Score
Percentile by Number Answered
Your Score History
You have not taken this quiz